[Event "Cto de Aragon  Equipos Cat Preferente"]
[Site "Aragon"]
[Date "2010.03.13"]
[Round "8.36"]
[White "Velamazan Gomez Angel"]
[Black "Gimeno Garcia David"]
[Result "1-0"]
[WhiteElo "1955"]
[BlackElo "1515"]

1.d4 Nf6 2.Nf3 c5 3.d5 d6 4.c4 b5 5.e3 bxc4 6.Bxc4 g6 7.Nc3 Bg7 8.O-O O-O 9.
Re1 Nbd7 10.e4 Ng4 11.Bf1 Qb6 12.Nd2 Nde5 13.h3 Nh6 14.Na4 Qb4 15.a3 Qd4 16.
Nc3 Nd3 17.Bxd3 Qxd3 18.Re3 Qa6 19.Qc2 f5 20.Nf3 fxe4 21.Qxe4 Nf5 22.Re1 Nd4
23.Nxd4 Bxd4 24.Be3 Bf5 25.Qf4 Rad8 26.Qh4 Bxc3 27.bxc3 Qd3 28.Qg3 Qxd5 29.
Rad1 Bd3 30.Bh6 {Error en anotaciones.} 1-0

[Event "Cto de Aragon  Equipos Cat Preferente"]
[Site "Aragon"]
[Date "2010.03.13"]
[Round "8.37"]
[White "Aparicio Navarro Pedro Jose"]
[Black "Gil Capape Javier"]
[Result "1/2-1/2"]
[WhiteElo "2203"]
[BlackElo "2485"]

1.Nf3 d5 2.c4 d4 3.d3 Nc6 4.g3 e5 5.Bg2 Bb4+ 6.Bd2 a5 7.O-O Nf6 8.a3 Be7 9.Bg5
Nd7 10.Bxe7 Qxe7 11.b3 O-O 12.Nbd2 f5 13.Qc2 Nc5 14.Rab1 Na6 15.Qb2 Bd7 16.Ne1
Rf6 17.Nc2 Nc5 18.b4 Na4 19.Qb3 Nc3 20.Rbe1 axb4 21.axb4 Nd8 22.Nb1 Nxb1 23.
Rxb1 Bc6 24.Ra1 Rxa1 25.Rxa1 Bxg2 26.Kxg2 f4 27.c5+ Kh8 28.Qd5 fxg3 29.hxg3
Rf8 30.Ra8 c6 1/2-1/2

[Event "Cto de Aragon  Equipos Cat Preferente"]
[Site "Aragon"]
[Date "2010.03.13"]
[Round "8.38"]
[White "Laliena Solares Luis M"]
[Black "Lana Rodriguez David"]
[Result "1/2-1/2"]
[WhiteElo "2234"]
[BlackElo "2177"]

1.d4 a6 2.Bf4 Nf6 3.e3 d5 4.Bd3 c6 5.Nd2 b5 6.c3 Bg4 7.f3 Bh5 8.Nh3 Bg6 9.Nf2
Nbd7 10.e4 e6 11.O-O Be7 12.e5 Nh5 13.Be3 Bg5 14.Qe2 Nf4 15.Bxf4 Bxf4 16.g3
Bxd2 17.Qxd2 O-O 18.f4 c5 19.Ng4 cxd4 20.cxd4 Qb6 21.Qe3 Bxd3 22.Qxd3 f5 23.
exf6 Nxf6 24.Nxf6+ Rxf6 25.Rac1 Rff8 26.Rc5 Rac8 27.Rfc1 Rxc5 28.Rxc5 Qa5 29.
Qe3 Qxa2 30.Qxe6+ Kh8 31.Rc8 Qb1+ 32.Kg2 Qxb2+ 33.Kh3 Qb4 34.Qe8 Kg8 35.Qe6+
1/2-1/2

[Event "Cto de Aragon  Equipos Cat Preferente"]
[Site "Aragon"]
[Date "2010.03.13"]
[Round "8.39"]
[White "Munoz Munoz Juan Carlos"]
[Black "Latorre Abad Fernando"]
[Result "0-1"]
[WhiteElo "2129"]
[BlackElo "2067"]

1.e4 c5 2.Nc3 Nc6 3.g3 g6 4.Bg2 Bg7 5.d3 d6 6.f4 b6 7.Nf3 Bb7 8.O-O Qd7 9.Be3
f5 10.d4 Nf6 11.exf5 Ng4 12.Bc1 Nxd4 13.h3 Nxf3+ 14.Bxf3 Bd4+ 15.Kg2 Nh6 16.
fxg6 Nf5 17.Bxb7 Qxb7+ 18.Qf3 Qxf3+ 19.Rxf3 hxg6 20.Nd5 Kd7 21.c3 e6 22.Ne3
Bg7 23.Bd2 d5 24.Ng4 Nd6 25.Ne5+ Bxe5 26.fxe5 Ne4 27.Be3 Raf8 28.Raf1 Ke7 29.
h4 Rf5 30.Rf4 a6 31.g4 Rxf4 32.Rxf4 Ke8 33.g5 Rf8 34.Kf3 Rf5 35.Rxf5 exf5 36.
Kf4 Ke7 37.h5 gxh5 38.Kxf5 Ng3+ 39.Kf4 h4 40.Kg4 Ke6 41.g6 Nf5 42.Bf4 d4 43.c4
b5 44.b3 d3 45.Kf3 Ne7 46.g7 Kf7 47.Ke4 Ng6 48.e6+ Kxg7 49.Bd2 h3 50.Kf3 h2
51.Kg2 Nh4+ 52.Kh1 Nf3 53.Bc3+ Kf8 54.cxb5 axb5 55.a4 b4 0-1

[Event "Cto de Aragon  Equipos Cat Preferente"]
[Site "Aragon"]
[Date "2010.03.13"]
[Round "8.40"]
[White "Cobo Garrido Diego Israel"]
[Black "Sanchez Moreno Jose Carlos"]
[Result "1-0"]
[WhiteElo "2014"]
[BlackElo "2001"]

1.e4 c5 2.Nf3 Nc6 3.d4 cxd4 4.Nxd4 Nf6 5.Nc3 d6 6.f4 Qb6 7.Nb3 e6 8.Qf3 Be7 9.
Be3 Qc7 10.g4 a6 11.h4 h5 12.g5 Ng4 13.Bg1 b5 14.a3 b4 15.axb4 Nxb4 16.O-O-O
Bb7 17.Nd4 Rc8 18.Kb1 d5 19.g6 O-O 20.gxf7+ Rxf7 21.e5 Nxe5 22.Qxh5 Nc4 23.
Nxe6 Qa5 24.Ng5 g6 25.Qxg6+ Rg7 26.Qe6+ Kh8 27.Bd4 Bf8 28.Qh6+ Kg8 29.Bxg7
Bxg7 30.Qh7+ Kf8 31.Ne6+ 1-0

[Event "Cto de Aragon  Equipos Cat Preferente"]
[Site "Aragon"]
[Date "2010.03.13"]
[Round "8.46"]
[White "Abos Rosico Antonio"]
[Black "Dominguez Bujeda Jesus"]
[Result "0-1"]
[WhiteElo "2111"]
[BlackElo "2047"]

1.e4 c5 2.Nf3 Nc6 3.d4 cxd4 4.Nxd4 g6 5.c4 Bg7 6.Be3 Nf6 7.Nc3 O-O 8.Be2 d6 9.
O-O Nxd4 10.Bxd4 Bd7 11.f3 Bc6 12.Qd2 a5 13.b3 Nd7 14.Bxg7 Kxg7 15.Qd4+ Kg8
16.Nd5 e5 17.Qd2 Bxd5 18.Qxd5 Nc5 19.Kh1 Qe7 20.Bd3 Ne6 21.Bc2 Nd4 22.Rf2 Rfc8
23.Rd1 Rc5 24.Rxd4 exd4 25.Qxd4 Qe5 26.Rd2 Qxd4 27.Rxd4 b5 28.Bd3 Ra6 29.g4 b4
30.Bc2 Kf8 31.Kg2 Ke7 32.f4 Ra8 33.Kf3 Rac8 34.g5 h6 35.h4 hxg5 36.hxg5 Rh8
37.Rd2 Rh3+ 38.Kg4 Rh1 39.Bd1 Rc8 40.Bf3 Rg1+ 41.Bg2 a4 42.Kg3 axb3 43.axb3
Rc1 44.Rb2 Rc3+ 45.Kg4 Rc7 46.f5 Ra7 47.Bf3 Ra1 48.Be2 Ra3 49.Bd1 Rd3 50.Rb1
Ra2 51.Bf3 Rf2 52.Bh1 Ra2 53.Bf3 Ra3 54.f6+ Kd7 55.Bd1 Kc6 56.Kf4 Kc5 57.Bc2
Rd2 58.Rc1 Ra2 59.Bd1 Rh2 60.Bf3 Rhc2 61.Rd1 Rd2 62.Rh1 Rab2 63.Rh7 Rxb3 64.
Kg4 Rf2 65.Bh1 Rb1 66.Kg3 Ra2 67.e5 Rxh1 68.Rxh1 dxe5 69.Kf3 b3 70.Rb1 b2 71.
Ke4 Kxc4 72.Ke3 Kc3 0-1

[Event "Cto de Aragon  Equipos Cat Preferente"]
[Site "Aragon"]
[Date "2010.03.13"]
[Round "8.47"]
[White "Barcena Laguia Francisco"]
[Black "Perez Puyal Jose Joaquin"]
[Result "1/2-1/2"]
[WhiteElo "1966"]
[BlackElo "1909"]

1.d4 d5 2.e4 dxe4 3.Nc3 Nf6 4.f3 exf3 5.Nxf3 Bg4 6.h3 Bxf3 7.Qxf3 c6 8.Be3 e6
9.O-O-O Nbd7 10.Bd3 Qc7 11.Rhf1 Be7 12.g4 h6 13.h4 Rf8 14.g5 hxg5 15.hxg5 Nd5
16.Nxd5 cxd5 17.g6 f5 18.Qe2 O-O-O 19.Kb1 Bd6 20.c4 Kb8 21.cxd5 exd5 22.Rxf5
Rxf5 23.Bxf5 Nf6 24.Rc1 Qe7 25.Qf3 Ne4 26.Bf4 a6 27.Qg4 Ka7 28.Bxd6 Qxd6 29.
Bxe4 dxe4 30.Qxe4 Qxd4 31.Qxd4+ Rxd4 32.Rc7 Rd2 33.Rxg7 Rg2 34.a4 a5 35.Rg8
Kb6 36.g7 Ka7 37.Ka2 Kb6 38.Kb3 Rg4 39.Kc3 Ka7 40.Kd3 Kb6 41.Ke3 Kc7 42.Kf3
Rg1 43.Ke4 Re1+ 44.Kd5 Rg1 45.Ke5 Re1+ 46.Kf4 Rf1+ 47.Ke3 Rg1 48.Ra8 Rxg7 49.
Rxa5 Rd7 50.Rc5+ Kb6 51.Rc4 Ka5 52.b3 b6 1/2-1/2

[Event "Cto de Aragon  Equipos Cat Preferente"]
[Site "Aragon"]
[Date "2010.03.13"]
[Round "8.48"]
[White "Yanez Acin Gonzalo"]
[Black "Gil Pineiro David"]
[Result "0-1"]
[WhiteElo "1895"]
[BlackElo "1937"]

1.e4 c5 2.Nf3 g6 3.d4 cxd4 4.Nxd4 Nc6 5.c3 Bg7 6.Be3 Nf6 7.Bd3 O-O 8.O-O d5 9.
Nxc6 bxc6 10.Nd2 Qc7 11.Re1 Ng4 12.Nf1 Nxe3 13.Rxe3 d4 14.Re2 dxc3 15.bxc3 Rd8
16.Qc2 Rb8 17.Rd1 Be6 18.Ne3 Qa5 19.Rc1 Qc5 20.Ree1 Bxa2 21.Qe2 a5 22.Ra1 Bb3
23.Rec1 a4 24.Bb1 Rd7 25.Ba2 Rbd8 26.Bxb3 axb3 27.Rab1 Rd2 28.Qc4 Qxc4 29.Nxc4
Rc2 30.e5 Ra8 31.f4 f6 32.Rxc2 bxc2 33.Rc1 fxe5 34.fxe5 Ra4 35.Ne3 Bh6 36.Kf2
Re4 37.Rxc2 Rxe3 0-1

[Event "Cto de Aragon  Equipos Cat Preferente"]
[Site "Aragon"]
[Date "2010.03.13"]
[Round "8.49"]
[White "Antonano Fernandez Avelino"]
[Black "Donoso Sanchez Alejandro"]
[Result "1-0"]
[WhiteElo "2137"]
[BlackElo "2111"]

1.Nf3 c5 2.e4 e6 3.d4 cxd4 4.Nxd4 a6 5.Nc3 Qc7 6.g3 b5 7.Bg2 Bb7 8.O-O Nf6 9.
Bg5 b4 10.Nd5 exd5 11.exd5 Bd6 12.Nf5 Kf8 13.Bxf6 gxf6 14.Qh5 h6 15.Nxh6 Rh7
16.Be4 f5 17.Bxf5 Rg7 18.Be4 Be5 19.d6 Bxd6 20.Bxb7 Qxb7 21.Nf5 Be5 22.Qh8+
Rg8 23.Qxe5 1-0

[Event "Cto de Aragon  Equipos Cat Preferente"]
[Site "Aragon"]
[Date "2010.03.13"]
[Round "8.50"]
[White "Sanmiguel Mateo Luis"]
[Black "Juberias Segura Santiago"]
[Result "1/2-1/2"]
[WhiteElo "1968"]
[BlackElo "2111"]

1.e3 Nf6 2.d4 d6 3.Bd3 g6 4.Nf3 Bg7 5.O-O O-O 6.Nbd2 Nc6 7.c3 e5 8.Re1 Re8 9.
d5 Nxd5 10.e4 Nf4 11.Bf1 Qf6 12.a4 Be6 13.b4 g5 14.h3 g4 15.Nh2 gxh3 16.g3 Ng6
17.Ndf3 h6 18.Be3 Bf8 19.Qd2 Kh7 20.Kh1 Nce7 21.Ng1 d5 22.Nxh3 dxe4 23.Qe2 Nf5
24.Bd2 Rad8 25.Bg2 Nd6 26.Be3 b6 27.Qh5 Qf5 28.Ng5+ Kg8 29.Bh3 Qf6 30.Nxe6
fxe6 31.Bxh6 Bxh6 32.Qxh6 Nf5 33.Ng4 Qg7 34.Qg5 Qf6 35.Nxe5 Kg7 36.Qxg6+ Qxg6
37.Nxg6 Kxg6 38.Rxe4 Rd3 39.Rc4 Re7 40.Re1 e5 41.Bg2 Nd6 42.Rc6 Kf7 1/2-1/2

[Event "Cto de Aragon  Equipos Cat Preferente"]
[Site "Aragon"]
[Date "2010.03.13"]
[Round "8.51"]
[White "Gonzalvo Lara Victor"]
[Black "Serrano San Nicolas Angel"]
[Result "1/2-1/2"]
[WhiteElo "2099"]
[BlackElo "1865"]

1.e4 d5 2.exd5 Qxd5 3.Nc3 Qd6 4.Nf3 Nf6 5.Bc4 a6 6.O-O b5 7.Bb3 b4 8.Ne2 e6 9.
d4 Be7 10.Bf4 Qb6 11.c4 O-O 12.c5 Qa7 13.Ne5 Bb7 14.Nd3 a5 15.Bxc7 Nbd7 16.Bg3
Rfd8 17.Rc1 Rac8 18.Ba4 Qa8 19.f3 Nd5 20.Qd2 Bf6 21.Kh1 g6 22.Bxd7 Rxd7 23.Be5
Be7 24.Qh6 Bf8 25.Qh3 Ne3 26.Rfe1 Nf5 27.Ng3 Nxg3+ 28.Qxg3 Bg7 29.Bxg7 Kxg7
30.Nf2 Bd5 31.Ng4 f6 32.Qh3 Rf7 33.Qh6+ Kg8 34.Qe3 Kg7 35.a3 bxa3 36.bxa3 a4
37.Nf2 Rb7 38.Ne4 Rb3 39.Rc3 Rcb8 40.Rec1 Qa5 41.Rxb3 axb3 42.Nxf6 1/2-1/2

[Event "Cto de Aragon  Equipos Cat Preferente"]
[Site "Aragon"]
[Date "2010.03.13"]
[Round "8.54"]
[White "Guetas Sanchez Hugo"]
[Black "Dominguez Luzon Fernando"]
[Result "1-0"]
[WhiteElo "2159"]
[BlackElo "2069"]

1.e4 c5 2.d4 cxd4 3.c3 dxc3 4.Nxc3 d6 5.Bc4 e6 6.Nf3 Nc6 7.O-O Nf6 8.Qe2 a6 9.
Rd1 Qa5 10.Bf4 Ne5 11.Nxe5 dxe5 12.Bd2 Qc7 13.Rac1 Bd7 14.Bxe6 fxe6 15.Nd5 Qd8
16.Nc7+ Kf7 17.Nxa8 Qxa8 18.Bc3 Qb8 19.f4 Bd6 20.Rxd6 Qxd6 21.fxe5 Qc5+ 22.Kh1
Ne8 23.Qd2 Bb5 24.a4 Bc4 25.Bb4 Qxe5 26.Rxc4 Nf6 27.Bc3 Qb8 28.Qf2 Rd8 29.g3
Rd1+ 30.Kg2 Qd8 31.Qf4 Qd3 32.Rc7+ Ke8 33.Rc8+ Kf7 34.Rc7+ Ke8 35.Rxg7 Qe2+
36.Kh3 Qh5+ 37.Qh4 Qf3 38.Qxf6 1-0

[Event "Cto de Aragon  Equipos Cat Preferente"]
[Site "Aragon"]
[Date "2010.03.13"]
[Round "8.55"]
[White "Garcia Valer Jesus V"]
[Black "Andreu Sin Raul"]
[Result "0-1"]
[WhiteElo "1828"]
[BlackElo "2053"]

1.e4 e5 2.d4 exd4 3.Qxd4 Nc6 4.Qe3 d6 5.Nc3 Nf6 6.Bd2 Be7 7.O-O-O O-O 8.f4 a6
9.Bc4 Na5 10.Bd3 c5 11.e5 Ng4 12.Qe2 Nc6 13.Nf3 d5 14.h3 Nh6 15.Be1 Nb4 16.a3
Nxd3+ 17.Qxd3 d4 18.Ne4 Qc7 19.g4 Rd8 20.Neg5 g6 21.Qe4 Bd7 22.e6 Bc6 23.exf7+
Nxf7 24.Qe6 Bd5 25.Qe2 Bxg5 26.fxg5 Qf4+ 0-1

[Event "Cto de Aragon  Equipos Cat Preferente"]
[Site "Aragon"]
[Date "2010.03.13"]
[Round "8.56"]
[White "Avellanas Pau Miguel Angel"]
[Black "Santos Morales Marco Antonio"]
[Result "1/2-1/2"]
[WhiteElo "1927"]
[BlackElo "1777"]

1.e4 c5 2.Nf3 d6 3.d4 cxd4 4.Nxd4 Nf6 5.Nc3 Nc6 6.Be2 e6 7.Be3 Be7 8.Qd2 a6 9.
f4 Qc7 10.Bf3 Rb8 11.O-O Nxd4 12.Bxd4 O-O 13.Qf2 Nd7 14.Rad1 b5 15.Qg3 Bf6 16.
Bxf6 Nxf6 17.Rd2 b4 18.e5 dxe5 19.Ne4 Nxe4 20.Bxe4 f5 21.Bf3 e4 22.Bh5 Bb7 23.
Qe3 Rbc8 24.Rfd1 Bd5 25.Kf2 Qc5 26.Be2 a5 27.b3 Qxe3+ 28.Kxe3 Rc3+ 29.Kd4 Rd8
30.Ke5 Rdc8 31.Bc4 1/2-1/2

[Event "Cto de Aragon  Equipos Cat Preferente"]
[Site "Aragon"]
[Date "2010.03.13"]
[Round "8.58"]
[White "Cebollada Pacheco Jesus Raul"]
[Black "Garcia Asenjo Antonio"]
[Result "1-0"]
[WhiteElo "1989"]
[BlackElo "2023"]

1.e4 e6 2.d4 d5 3.Nd2 Nf6 4.e5 Nfd7 5.Bd3 c5 6.c3 Nc6 7.Ne2 Qb6 8.Nf3 cxd4 9.
cxd4 f6 10.exf6 Nxf6 11.O-O Bd6 12.Nc3 O-O 13.a3 Bd7 14.Re1 Rae8 15.Be3 Qd8
16.Bc2 e5 17.dxe5 Nxe5 18.Nxe5 Bxe5 19.Qd3 Bc6 20.Bd4 Qd6 21.h3 b6 22.Re2 Bxd4
23.Qxd4 Rxe2 24.Nxe2 Qc5 25.Rc1 Qd6 26.Qd3 Be8 27.Qg3 Qxg3 28.Nxg3 Bd7 29.Bb3
Rc8 30.Rd1 Be6 31.f3 Kf7 32.Ne2 Rc5 33.Nd4 Bd7 34.Kf2 Bb5 35.Rd2 Bc4 36.Ke3 g6
37.Ba4 b5 38.b4 Rc8 39.Bxb5 Rc7 40.Rc2 Re7+ 41.Kf2 Rc7 42.a4 Ke7 43.Bxc4 dxc4
44.Nb5 Rd7 45.Rxc4 Rd2+ 46.Kg3 Nh5+ 47.Kh2 a6 48.Re4+ Kf6 49.Nd4 Ra2 50.a5 Rb2
51.Nc6 Kf5 52.Ne7+ Kf6 53.Nd5+ Kf5 54.Ne3+ Kf6 55.h4 Ng7 56.Ng4+ Kf7 57.Nh6+
Kf6 58.Kh3 Ne6 59.Ng4+ Kf7 60.Ne5+ Kf6 61.Nd7+ Kf7 62.Nb8 Nc7 63.Rc4 Nd5 64.
Nxa6 Ne3 65.Re4 Nd1 66.Rd4 Ne3 67.Re4 Nd1 68.Kg3 Nc3 69.Rc4 Nd5 70.Re4 Nc3 71.
Re1 Nd5 72.Rc1 Ne3 73.Rc7+ Kf6 74.Rxh7 Rxg2+ 75.Kf4 Nd5+ 76.Ke4 Ke6 77.Nc5+
1-0

[Event "Cto de Aragon  Equipos Cat Preferente"]
[Site "Aragon"]
[Date "2010.03.13"]
[Round "8.59"]
[White "Argueso Pascual Jorge"]
[Black "Garcia Andres Daniel"]
[Result "0-1"]
[WhiteElo "1997"]
[BlackElo "1908"]

1.d4 c5 2.d5 e5 3.e4 d6 4.Nc3 g6 5.Be2 Bh6 6.Bxh6 Nxh6 7.Qd2 Ng8 8.f4 Nd7 9.
Nb5 Qb6 10.a4 a5 11.Nf3 Ngf6 12.fxe5 dxe5 13.Qe3 Ng4 14.Qc3 c4 15.Qa3 Qf2+ 16.
Kd2 c3+ 17.Qxc3 O-O 18.Ra3 Nc5 19.Qc4 Nf6 20.Kc1 Ncxe4 21.Rf1 Qxg2 22.Nxe5
Qg5+ 0-1

[Event "Cto de Aragon  Equipos Cat Preferente"]
[Site "Aragon"]
[Date "2010.03.13"]
[Round "8.60"]
[White "Lafarga Bueno Daniel"]
[Black "Ruiz Gutierrez Jose Manuel"]
[Result "1/2-1/2"]
[WhiteElo "1840"]
[BlackElo "1899"]

1.c4 e5 2.Nc3 Nc6 3.g3 Nf6 4.Bg2 Rb8 5.Nf3 Be7 6.d3 O-O 7.O-O d6 8.Rb1 Bg4 9.
h3 Bh5 10.b4 Qd7 11.Kh2 h6 12.Be3 Bxf3 13.Bxf3 Nd4 14.Bxd4 exd4 15.Nb5 c5 16.
bxc5 dxc5 17.Nxa7 Nh7 18.Rb6 Ng5 19.Bg2 f5 20.f4 Nf7 21.Bd5 Kh8 22.Re1 Nd6 23.
e4 dxe3 24.Rxe3 Ra8 25.Qe2 Bd8 26.Rxd6 Qxd6 27.Re6 Qd7 28.Nb5 Bf6 29.Rd6 Qe7
30.Re6 Qd7 31.Rd6 Qe7 32.Re6 Qd7 33.Rd6 1/2-1/2

[Event "Cto de Aragon  Equipos Cat Preferente"]
[Site "Aragon"]
[Date "2010.03.13"]
[Round "8.61"]
[White "Lucea Valero Alejandro"]
[Black "Salamero Pelay Fernando"]
[Result "1/2-1/2"]
[WhiteElo "1982"]
[BlackElo "2131"]

1.d4 g6 2.Nf3 Bg7 3.g3 Nf6 4.Bg2 O-O 5.O-O d6 6.Nbd2 Nbd7 7.Nc4 c5 8.dxc5 Nxc5
9.c3 b5 10.Nd4 bxc4 11.Bxa8 e5 12.Nc2 d5 13.Bg5 Bh3 14.Bxf6 Qxa8 15.Bxg7 Kxg7
16.Re1 d4 17.f3 d3 18.exd3 Nxd3 19.Re3 Rd8 20.Qe2 Qb8 21.b3 cxb3 22.axb3 Qb6
23.Rd1 Nf4 24.gxf4 Rxd1+ 25.Qxd1 exf4 26.Qd4+ Qxd4 27.Nxd4 fxe3 28.Nc2 Be6 29.
b4 Bd5 30.Kg2 e2 31.Kf2 Bc4 32.Nd4 Kf6 33.Nxe2 h5 34.Nd4 g5 35.Nc6 a6 36.Na5
Be6 37.c4 Ke5 38.Ke3 Bd7 39.Nb7 f5 40.Nc5 f4+ 41.Ke2 Bc8 42.Nb3 g4 43.fxg4
hxg4 44.b5 Be6 45.Na5 axb5 46.cxb5 Bd5 47.b6 Kd6 48.Kf2 1/2-1/2

[Event "Cto de Aragon  Equipos Cat Preferente"]
[Site "Aragon"]
[Date "2010.03.14"]
[Round "8.62"]
[White "Minguez Guinda Andres"]
[Black "Biarge Carnicer Arturo"]
[Result "0-1"]
[WhiteElo "1896"]
[BlackElo "1899"]

1.e4 c5 2.f4 d6 3.Nf3 Nc6 4.d4 cxd4 5.Nxd4 Nf6 6.Nc3 e6 7.Bb5 Qc7 8.O-O Be7 9.
Kh1 Bd7 10.f5 e5 11.Nb3 a6 12.Be2 h6 13.Be3 Rc8 14.a3 Na5 15.Nd2 b5 16.g4 Bc6
17.Bf3 Bb7 18.Qe2 Nc4 19.Nxc4 Qxc4 20.Qg2 a5 21.Be2 Bxe4 22.Nxe4 Qxe4 23.Bxb5+
Kf8 24.Qxe4 Nxe4 25.c4 Bg5 26.Rfe1 Bxe3 27.Rxe3 Nf2+ 28.Kg1 Nxg4 29.Rd3 Ke7
30.Rad1 Rhd8 31.Rg3 h5 32.b4 axb4 33.axb4 Rb8 34.h3 Nh6 35.Rf1 Kf6 36.Rb3 d5
37.Ba6 dxc4 38.Bxc4 Rd4 39.Be2 Rbxb4 40.Rxb4 Rxb4 41.Bxh5 Rh4 42.Be2 Rxh3 43.
Rf2 Rg3+ 44.Kf1 Rg5 45.Bd3 Nxf5 46.Ra2 g6 0-1

[Event "Cto de Aragon  Equipos Cat Preferente"]
[Site "Aragon"]
[Date "2010.03.13"]
[Round "8.64"]
[White "Bellosta Lopez Pablo"]
[Black "Buil Montanes Carlos"]
[Result "1-0"]
[WhiteElo "1892"]
[BlackElo "1895"]

1.e4 c5 2.Nf3 e6 3.d4 cxd4 4.Nxd4 Nc6 5.Nc3 Qc7 6.Be3 a6 7.Qd2 Nf6 8.f3 Bb4 9.
Bd3 Ne5 10.a3 Bxc3 11.bxc3 d6 12.O-O O-O 13.Bg5 Nfd7 14.f4 Nxd3 15.cxd3 Nc5
16.f5 f6 17.Be3 e5 18.Ne2 Bd7 19.Kh1 Bb5 20.Bxc5 dxc5 21.c4 Bc6 22.Nc3 Qa5 23.
Qb2 Rad8 24.Nd5 Bxd5 25.cxd5 Rf7 26.Rfc1 Rd6 27.Rab1 Rc7 28.Rc2 Kf8 29.g4 Qa4
30.g5 Qd4 31.gxf6 Qxd3 32.Qxe5 Rb6 33.Rg1 Rxf6 34.Qxc7 Qxc2 35.Qc8+ Kf7 36.
Qxb7+ Ke8 37.Qc8+ Kf7 38.Qd7+ Kf8 39.Qxg7+ Ke8 40.Qg8+ 1-0

[Event "Cto de Aragon  Equipos Cat Preferente"]
[Site "Aragon"]
[Date "2010.03.20"]
[Round "9.1"]
[White "Adla Diego Gustavo"]
[Black "Chueca Forcen Alberto"]
[Result "1-0"]
[WhiteElo "2506"]
[BlackElo "2276"]

1.Nf3 d5 2.e3 c5 3.d4 Nc6 4.c4 cxd4 5.exd4 Nf6 6.Nc3 e6 7.cxd5 Nxd5 8.Bd3 Be7
9.O-O O-O 10.Re1 Bf6 11.Be4 Re8 12.Bxd5 exd5 13.Rxe8+ Qxe8 14.Nxd5 Bd8 15.Be3
Bf5 16.Nc3 Bf6 17.d5 Nb4 18.Bd4 Nc2 19.Rc1 Nxd4 20.Nxd4 Bd7 21.Qd2 Qe5 22.Nf3
Qf5 23.Re1 Rd8 24.Nd4 Qg6 25.Nde2 h5 26.Nf4 Qf5 27.Ne4 Be5 28.Nd3 Bb8 29.Nc3
h4 30.h3 Qg6 31.Kh1 Bf5 32.Ne5 Qd6 33.Qg5 g6 34.Nf3 f6 35.Qxh4 Kg7 36.Ne4 Qf8
37.Nxf6 Bd6 38.Nh7 Qg8 39.Qf6+ Kh6 40.Nhg5 Rd7 41.Nd4 Qxd5 42.Qh8+ Kxg5 43.
Nf3+ Kf4 44.Qh4+ 1-0

[Event "Cto de Aragon  Equipos Cat Preferente"]
[Site "Aragon"]
[Date "2010.03.20"]
[Round "9.2"]
[White "Palacios Latasa Elias"]
[Black "Glavina Rossi Pablo"]
[Result "1/2-1/2"]
[WhiteElo "2205"]
[BlackElo "2478"]

1.e4 e5 2.Bc4 Nf6 3.Nc3 Nc6 4.d3 Bc5 5.f4 d6 6.Nf3 Bg4 7.Na4 O-O 8.Nxc5 dxc5
9.O-O Qd6 10.h3 Bxf3 11.Qxf3 b5 12.Bd5 Nd4 13.Qf2 Nxd5 14.exd5 Qxd5 15.fxe5
Qxe5 16.Re1 Qd5 17.Bf4 Qd7 18.Re5 Rae8 19.Rae1 Rxe5 20.Rxe5 Qd6 21.b4 Ne6 22.
bxc5 Qa6 23.c3 Qa4 24.d4 c6 25.Re2 Qd1+ 26.Re1 Qd3 27.Bd6 Rd8 28.Re3 Qc4 29.
Qh4 Re8 30.Be5 f6 31.Bd6 Qxa2 32.Qh5 Qb1+ 33.Kh2 Qg6 34.Qe2 Qf5 35.Qa2 a5 36.
Qxa5 Qg6 37.d5 Nd8 38.Rxe8+ Qxe8 39.dxc6 Nxc6 40.Qxb5 h5 41.Qc4+ Kh7 42.Qd5
Kh6 43.Qf5 Qd8 44.Bf4+ g5 45.Bxg5+ Kg7 46.Bf4 Qe8 47.Bd6 Qf7 48.Qe4 Qd7 49.Qf3
Kg6 50.Qd3+ f5 51.Qd5 Qe8 52.Qf3 Qd7 53.Qg3+ Kh7 54.Qg5 Qf7 55.h4 Kh8 56.Qh6+
Kg8 57.Qg5+ Kh7 58.Kh3 Kh8 59.Kh2 Kh7 60.Kh3 Kh8 61.Kh2 1/2-1/2

[Event "Cto de Aragon  Equipos Cat Preferente"]
[Site "Aragon"]
[Date "2010.03.20"]
[Round "9.3"]
[White "Lopez Gracia Fernando"]
[Black "Hernando Garcia Antonio"]
[Result "1/2-1/2"]
[WhiteElo "2303"]
[BlackElo "2203"]

1.c4 Nf6 2.g3 e6 3.Bg2 d5 4.Nf3 Be7 5.O-O O-O 6.d4 Nbd7 7.Qc2 c6 8.Nbd2 b6 9.
e4 Nxe4 10.Nxe4 dxe4 11.Qxe4 Bb7 12.Rd1 Rc8 13.Bf4 Ba8 14.Qe2 Re8 15.c5 Nf6
16.b4 Nd5 17.Bd2 a5 18.a3 axb4 19.axb4 bxc5 20.bxc5 Rb8 21.Ba5 Qd7 22.Ne5 Qb7
23.h4 Bf6 24.Nc4 Qd7 25.Nd6 Rf8 26.Qg4 Bb7 27.h5 Ra8 28.Rab1 Rfb8 29.Bd2 Bc8
30.h6 e5 31.Qh5 g6 32.Rxb8 Rxb8 33.Qe2 Qe6 34.Re1 Bd7 35.dxe5 Be7 36.Qa6 Bf8
37.Qa3 Qg4 38.Bf3 Qh3 39.Bg2 Qg4 40.Qd3 Qh5 41.Bf3 Qh3 42.Bxd5 cxd5 43.Qxd5
Be6 44.Qh1 Qxh1+ 45.Kxh1 Be7 46.Rc1 Bd5+ 47.Kg1 Bc6 48.g4 f6 49.Bf4 fxe5 50.
Bxe5 Bg5 51.f4 Bxh6 52.Nf5 gxf5 53.Bxb8 fxg4 54.Rd1 Bf8 55.Bd6 Bg7 56.Be5 Bf8
57.Rd8 Kf7 58.Bd6 Bg7 59.Kf2 h5 60.Kg3 Bf6 61.Rf8+ Kg7 62.f5 Be5+ 1/2-1/2

[Event "Cto de Aragon  Equipos Cat Preferente"]
[Site "Aragon"]
[Date "2010.03.20"]
[Round "9.4"]
[White "Sarto Ramos Angel"]
[Black "Moreno Gracia Daniel"]
[Result "0-1"]
[WhiteElo "1962"]
[BlackElo "2246"]

1.d4 Nf6 2.Nf3 c5 3.e3 g6 4.Be2 Bg7 5.O-O b6 6.a4 O-O 7.a5 d5 8.axb6 Qxb6 9.
dxc5 Qxc5 10.Nc3 Bb7 11.Na4 Qc7 12.Bd2 Nbd7 13.Nd4 Rac8 14.Rc1 e5 15.Nb5 Qc6
16.b3 Ra8 17.Bb4 Rfd8 18.Na3 a6 19.f3 Bh6 20.Bd2 Nc5 21.Nb2 Ne6 22.Nd3 Qd6 23.
Qe1 Qxa3 24.Qh4 Bg5 25.Qg3 Qd6 26.h4 Bh6 27.Nxe5 Bg7 28.f4 Ne4 29.Qe1 Nxd2 30.
Qxd2 Bxe5 31.fxe5 Qxe5 32.h5 d4 33.hxg6 hxg6 34.e4 Bxe4 35.Rce1 Qg5 36.Qxg5
Nxg5 37.Bc4 Bd5 38.Re5 Bxc4 39.bxc4 Ne6 40.Ra1 Rdc8 41.Ra4 Rc6 42.Kf2 Rac8 43.
Ke2 Rxc4 44.Rxc4 Rxc4 45.Kd2 Rc5 46.Re4 a5 0-1

[Event "Cto de Aragon  Equipos Cat Preferente"]
[Site "Aragon"]
[Date "2010.03.20"]
[Round "9.5"]
[White "Garza Marco Sergio"]
[Black "Guzman Moneo Alberto"]
[Result "1-0"]
[WhiteElo "2418"]
[BlackElo "2215"]

1.Nf3 g6 2.d4 Bg7 3.c4 d6 4.Nc3 Bg4 5.e3 Nd7 6.Be2 Ngf6 7.h3 Bxf3 8.Bxf3 c6 9.
O-O O-O 10.Qc2 Rc8 11.b3 b5 12.Rd1 b4 13.Na4 d5 14.a3 a5 15.axb4 axb4 16.Bd2
Rb8 17.Be1 e5 18.cxd5 cxd5 19.Rac1 exd4 20.Rxd4 Ne5 21.Be2 Qe7 22.Qc7 Ned7 23.
Qa5 Rfc8 24.Rxc8+ Rxc8 25.Bxb4 Qe6 26.Rd1 Qc6 27.Bc3 Qb7 28.Qa6 Qb8 29.Qb5
Qxb5 30.Bxb5 Nc5 31.Bxf6 Bxf6 32.Rc1 Be7 33.b4 Rb8 34.bxc5 Rxb5 35.c6 Bd6 36.
c7 Bxc7 37.Rxc7 Rb4 38.Nc3 d4 39.exd4 Rxd4 40.Kf1 h6 41.Ke2 Kg7 42.Ke3 Rd6 43.
Ne4 Re6 44.Kd4 Ra6 45.h4 Ra4+ 46.Ke5 Ra5+ 47.Kf4 Rf5+ 48.Ke3 Rd5 49.g4 Rd1 50.
Ng3 Kf6 51.Rc6+ Kg7 52.Rc8 Ra1 53.Kf4 Rg1 54.g5 Rg2 55.Ne4 h5 56.Ke5 Rg1 57.
Nf6 Re1+ 58.Kf4 1-0

[Event "Cto de Aragon  Equipos Cat Preferente"]
[Site "Aragon"]
[Date "2010.03.20"]
[Round "9.6"]
[White "Navarro Alonso Jorge Luis"]
[Black "Ramiro Ovejero Juan Luis"]
[Result "1/2-1/2"]
[WhiteElo "2204"]
[BlackElo "2346"]

1.e4 c5 2.Nf3 e6 3.d4 cxd4 4.Nxd4 Nc6 5.Nc3 Qc7 6.Nxc6 Qxc6 7.Bd3 a6 8.O-O b5
9.Re1 Bb7 10.a4 b4 11.Nd5 Nf6 12.Qf3 Bd6 13.Nxf6+ gxf6 14.Qxf6 Rg8 15.Bf4 Rg6
16.Qh4 Bxf4 17.Qxf4 f6 18.Re3 Ke7 19.Rg3 Rag8 20.Qh4 R8g7 21.Re1 Kf7 22.Rxg6
hxg6 23.b3 Qc3 24.Kf1 g5 25.Qh5+ Ke7 26.Qh8 Rf7 27.h4 Qe5 28.Kg1 gxh4 29.Qxh4
Rg7 30.Re3 Qa1+ 31.Kh2 Qd4 32.Rg3 Rxg3 33.fxg3 Qe5 34.Qf4 Qh5+ 35.Qh4 Qe5 36.
Qf4 Qh5+ 37.Kg1 Qc5+ 38.Kh2 Qh5+ 1/2-1/2

[Event "Cto de Aragon  Equipos Cat Preferente"]
[Site "Aragon"]
[Date "2010.03.20"]
[Round "9.7"]
[White "Cortes Lizano Jesus"]
[Black "Cerrajeria Ruiz Jesus Maria"]
[Result "1/2-1/2"]
[WhiteElo "2182"]
[BlackElo "2100"]

1.c4 g6 2.Nf3 Bg7 3.g3 e5 4.Nc3 Nc6 5.d3 d6 6.Bg2 f5 7.O-O Nf6 8.Bg5 h6 9.Bxf6
Bxf6 10.Nd2 O-O 11.Rb1 a5 12.a3 Kg7 13.Nd5 Nd4 14.b4 axb4 15.axb4 c6 16.Nc3
Ra3 17.Nb3 Qb6 18.b5 Qa7 19.bxc6 bxc6 20.e3 Nxb3 21.Rxb3 e4 22.Nb1 Rxb3 23.
Qxb3 d5 24.cxd5 cxd5 25.d4 Ba6 26.Rc1 Bc4 27.Qc2 Rf7 28.Nd2 Bd3 29.Qc3 Bd8 30.
Nb3 Rc7 31.Nc5 Kf7 32.Bf1 Bxf1 33.Kxf1 Qb6 34.Kg1 g5 35.Qc2 f4 36.Rb1 Qg6 37.
Rb8 Be7 38.Qa4 Kg7 39.Qa5 Bd6 40.Rd8 Rf7 41.Qa8 Qh5 42.Rg8+ Kh7 43.Rh8+ Kg7
44.Rg8+ Kh7 45.Rh8+ 1/2-1/2

[Event "Cto de Aragon  Equipos Cat Preferente"]
[Site "Aragon"]
[Date "2010.03.20"]
[Round "9.8"]
[White "Montes Santos Lorenzo"]
[Black "Maza Broto Pablo"]
[Result "0-1"]
[WhiteElo "2069"]
[BlackElo "2014"]

1.Nf3 Nf6 2.b3 d5 3.Bb2 c5 4.g3 Nc6 5.Bg2 Qc7 6.O-O e5 7.d3 Be6 8.Nbd2 Be7 9.
a3 h6 10.e4 dxe4 11.dxe4 O-O 12.Qe2 Nd4 13.Nxd4 cxd4 14.Rac1 Rfd8 15.h3 Qd7
16.Kh2 d3 17.Qf3 Nh7 18.Nc4 Bxc4 19.bxc4 d2 20.Rcd1 Qe6 21.Qc3 Rac8 22.Rxd2
Rxd2 23.Qxd2 Qxc4 24.Qd7 Bf6 25.Qxb7 Rd8 26.Qb3 Qe2 27.Bc1 Ng5 28.Qe3 Qxc2 29.
h4 Rd3 30.Qxa7 Nf3+ 31.Bxf3 Rxf3 32.Qa8+ Kh7 33.Qd5 Bxh4 34.Kg2 Rxg3+ 35.Kh2
Rf3 36.Bd2 Qc8 0-1